[Event "83rd ESP-ch Women-ch 2018"]
[Site "Linares"]
[Date "2018.08.25"]
[Round "6"]
[White "Romero Romero, Sebastian"]
[Black "Burgos Olmos, Mario"]
[Result "1-0"]
[WhiteElo "2171"]
[BlackElo "1916"]
[Annotator "TA"]
[PlyCount "55"]
[EventDate "2018.08.20"]
[EventType "swiss"]
[EventCountry "ESP"]
[SourceTitle "playchess.com"]
[Source "ChessBase"]
[SourceQuality "1"]

{[%evp 9,55,41,49,22,37,39,60,59,93,92,85,76,89,89,106,115,116,116,116,110,108,107,177,175,181,181,255,176,177,154,304,312,460,460,446,441,1204,704,772,753,933,768,29996,29997,29997,29998,29998,29999]} 1. e4 b6 2. d4 Bb7 3. Bd3 e6 4. Ne2 g6 (4... c5 5. d5 exd5 6. exd5 Bxd5 7. Nf4 Bb7 8. O-O Nf6 9. Nc3 Be7 10. Bc4 O-O 11. Ncd5 Nc6 12. Re1 d6 {1-0 (73) Pert,N (2569)-McShane,L (2687) London 2015}) 5. Be3 Bg7 6. Nbc3 {B00: Queen's Fianchetto Defence, Nimzowitsch Defence} Ne7 7. Qd2 h6 8. h4 {[%cal Bh2h4,Bh4h5][%mdl 32] White is slightly better.} d6 $146 ({Predecessor:} 8... d5 9. h5 dxe4 10. Bxe4 Bxe4 11. Nxe4 g5 12. O-O-O Nbc6 {0-1 (26) Schlindwein,R-Gaprindashvili,N (2435) Baden-Baden 1990}) 9. h5 g5 10. O-O-O Nbc6 11. d5 $36 {[%mdl 2048] White has strong initiative.} exd5 12. exd5 Ne5 13. Bb5+ Kf8 14. f4 a6 {[#] aiming for ...gxf4.} 15. Bd3 $1 ({Of course not} 15. fxe5 $6 axb5 16. exd6 Qxd6 $11) 15... Nxd3+ (15... gxf4 $16 16. Nxf4 Qd7) 16. Qxd3 $18 g4 17. Ng3 Bc8 (17... Kg8 {might work better.}) 18. Bd4 f5 19. Nce2 {[%cal Bc3e2,Be2d4,Bd4c6][%mdl 32]} Bd7 (19... Rh7 $16 20. Bxg7+ Kxg7) 20. Rhe1 Kf7 (20... Rh7 $142 21. Bxg7+ Kxg7) 21. Bxg7 Kxg7 22. Nd4 {[#] Strongly threatening Rxe7+!} Kf6 (22... Kg8 $142 23. Ndxf5 (23. Ngxf5 Nxf5 24. Nxf5 Qf6 $18) 23... Nxf5) 23. Re6+ Bxe6 24. dxe6 Qf8 25. Ngxf5 Nxf5 26. Qxf5+ {White mates.} Ke7 27. Nc6+ Ke8 28. Qg6+ {Precision: White = 85%, Black = 27%.} 1-0

[Event "83rd ESP-ch Women-ch 2018"]
[Site "Linares"]
[Date "2018.08.25"]
[Round "6"]
[White "Roldan Marques, Daniel"]
[Black "Moral Garcia, Serafin"]
[Result "1/2-1/2"]
[WhiteElo "2161"]
[BlackElo "2287"]
[Annotator "TA"]
[PlyCount "83"]
[EventDate "2018.08.20"]
[EventType "swiss"]
[EventCountry "ESP"]
[SourceTitle "playchess.com"]
[Source "ChessBase"]
[SourceQuality "1"]

{[%evp 28,83,47,33,51,40,39,0,16,0,0,0,0,0,0,-26,-11,-6,0,-59,-47,-52,-35,-129,-139,-136,-135,-203,-200,-182,-182,-176,-92,-235,-49,-108,-32,-31,-29,-47,0,-29,15,10,39,33,35,33,42,35,33,21,12,12,12,5,15,0]} 1. d4 Nf6 2. c4 c5 3. d5 e6 4. Nc3 exd5 5. cxd5 d6 6. Nf3 g6 7. Bf4 a6 8. a4 Bg7 9. h3 O-O 10. e3 Qe7 {A61: Modern Benoni: Nf3 without early e4} 11. Be2 Nbd7 12. O-O Ne8 13. Nd2 f5 14. Bh2 Rb8 15. Nc4 {LiveBook: 4 Games} Ne5 16. Nb6 Nf6 17. Re1 {[#]} Nfd7 $146 18. Qb3 Nxb6 19. Qxb6 Qd8 20. Qxd8 Rxd8 21. Nb1 Bd7 22. a5 Bb5 $36 {[%mdl 2048] Black is more active.} 23. Bxb5 ({Better is} 23. Na3 $11) 23... axb5 $15 {[%cal Ba6b5,Bb5b4][%mdl 32]} 24. Bxe5 $1 Bxe5 25. Ra3 (25. Re2 $15) 25... Ra8 $17 26. Nd2 Ra6 27. Rb1 (27. Kf1 $17 {might work better.}) 27... b4 $19 28. Raa1 Rda8 $1 29. Nc4 Bf6 (29... b5 $1 $19 {[%cal Rb5c4]} 30. Nxe5 dxe5) 30. Nb6 {[#]} (30. Kh2 $17) 30... Re8 $2 (30... Bxb2 $1 $19 {[%mdl 512]} 31. Nxa8 (31. Rxb2 Rxb6) 31... Bxa1 32. Rxa1 Rxa8) 31. Nc4 (31. Kf1 $1 $15) 31... Bd8 ({Black should try} 31... Re4 $17 32. Nd2 Re5) 32. b3 $15 Bf6 33. Ra4 $1 f4 34. Re1 fxe3 (34... Bg5 {is interesting.} 35. Re2 fxe3 36. fxe3 Rea8 37. Nb6 Rb8) 35. Rxe3 Kf7 36. Rxe8 Kxe8 $14 {[%mdl 4096] Endgame KRB-KRN} 37. Kf1 Kd7 38. Nb6+ Ke8 39. Ke2 Bd8 {The position is equal.} 40. Nc4 Kd7 41. Kd3 Bc7 42. Ke4 {Precision: White = 41%, Black = 46%.} 1/2-1/2

[Event "83rd ESP-ch Women-ch 2018"]
[Site "Linares"]
[Date "2018.08.25"]
[Round "6"]
[White "Lopez Varela, Pablo"]
[Black "Ladron De Guevara Pinto, Paolo"]
[Result "0-1"]
[WhiteElo "2100"]
[BlackElo "2424"]
[Annotator "TA"]
[PlyCount "84"]
[EventDate "2018.08.20"]
[EventType "swiss"]
[EventCountry "ESP"]
[SourceTitle "playchess.com"]
[Source "ChessBase"]
[SourceQuality "1"]

{[%evp 19,84,18,14,15,9,11,45,-7,-4,-14,-16,-8,26,-32,-37,-71,-56,-57,0,-33,-30,-37,-39,-39,-48,-133,-77,-89,71,71,43,0,0,0,0,0,0,0,0,-152,-156,-172,-137,-145,-172,-152,-157,-169,-186,-190,-183,-204,-197,-374,-353,-329,-235,-218,-225,-506,-520,-519,-504,-1089,-1021,-29991,-29992]} 1. e4 e5 2. Nf3 Nc6 3. Bb5 {[%cal Bf1b5,Bb5a4,Ba4b3][%mdl 32]} a6 4. Ba4 g6 5. d4 exd4 6. c3 {C70: Ruy Lopez: 3...a6 4 Ba4, Norwegian and Delayed Schliemann} Bg7 7. cxd4 b5 8. Bb3 (8. Bc2 d6 9. d5 Na5 10. O-O Nc4 11. Nc3 Ne7 12. Bd3 Nb6 13. a4 {0-1 (48) Caruana,F (2816)-Mamedyarov,S (2808) Leuven 2018}) 8... Na5 9. Bc2 Ne7 10. O-O O-O {LiveBook: 6 Games} 11. Nc3 d6 12. h3 Bb7 13. b3 ({Better is} 13. Rb1 $14) 13... c5 $11 {[%cal Bc7c5,Bc5c4][%mdl 32]} 14. Ne2 Rc8 15. Be3 c4 $146 ({Predecessor:} 15... cxd4 16. Bxd4 {1-0 (37) Pavlidis,A (2360)-Gavrilakis,N (2406) Achaea 2012}) 16. b4 (16. Nf4 $11) 16... Nac6 $15 17. Rb1 d5 $1 18. e5 $1 a5 ({Black should try} 18... f6 $15) 19. a3 axb4 20. axb4 f6 21. exf6 Rxf6 22. Bg5 {[#]} (22. Ne5 $15) 22... Rf7 (22... Rxf3 $142 $1 {[%mdl 512]} 23. gxf3 Qd7) 23. Qd2 Qf8 $2 {[#]} (23... Rxf3 $17 {and life is bright.} 24. gxf3 Qf8) 24. Nf4 $1 $16 Nd8 25. Ne5 Bxe5 26. dxe5 Rxf4 $1 27. Bxf4 Ne6 28. Bh6 Qf7 29. Be3 $2 {[#]} (29. f3 $11) 29... d4 $1 $17 {[%cal Bd5d4,Bd4d3][%mdl 1056] Black has strong compensation.} 30. Bh6 d3 31. Bd1 Nf5 32. Be3 Qd7 33. Rc1 h5 34. Rc3 Qc7 35. Bf4 Rf8 {And now ...Bxg2! would win.} (35... Nxf4 36. Qxf4 Qd7 37. Re1 $15) 36. Bh2 $2 (36. Bg5 {only move.}) 36... Qd8 $19 37. Ra3 Rf7 38. Kh1 Qd4 $40 {[%mdl 128] White is in trouble.} ({Not} 38... Qd5 39. Bf3 $14) 39. Qc3 $2 (39. f3 {was worth a try.}) 39... Qxc3 40. Rxc3 {[#]} Ne3 $1 {[%mdl 512]} 41. Re1 (41. Kg1 $142 Bxg2 42. Re1 Nxd1 43. Rxd1 Bxh3 44. Ra3) (41. fxe3 Rxf1+) 41... Nxg2 42. Rg1 Rxf2 {Precision: White = 33%, Black = 74%.} 0-1

[Event "83rd ESP-ch Women-ch 2018"]
[Site "Linares"]
[Date "2018.08.25"]
[Round "6"]
[White "Arroyo Rodriguez, Jesus"]
[Black "Balbuena Fuentes, Mario"]
[Result "1/2-1/2"]
[WhiteElo "2099"]
[BlackElo "2306"]
[Annotator "TA"]
[PlyCount "59"]
[EventDate "2018.08.20"]
[EventType "swiss"]
[EventCountry "ESP"]
[SourceTitle "playchess.com"]
[Source "ChessBase"]
[SourceQuality "1"]

{[%evp 32,59,0,0,0,0,0,0,0,0,0,0,0,0,0,0,0,0,0,0,0,0,0,0,0,0,0,0,0,0]} 1. Nf3 c5 2. e4 d6 3. d4 cxd4 4. Nxd4 Nf6 5. Nc3 g6 6. Be3 Bg7 7. f3 O-O 8. Qd2 Nc6 {[%cal Bb8c6,Bc6d4,Bd4f5,Bf5e3][%mdl 32]} 9. O-O-O d5 10. Kb1 Nxd4 11. e5 Nf5 12. exf6 exf6 {B76: Sicilian Dragon: Yugoslav Attack, 9 g4 and 9 0-0-0} 13. Bc5 (13. Nxd5 Nxe3 14. Qxe3 Be6 15. Bc4 f5 16. Nc3 Qe7 17. Bxe6 fxe6 18. Rhe1 Rfe8 19. Nb5 Qb4 20. Qb3 Qxb3 21. axb3 {½-½ (48) Andreikin,D (2713)-Morozevich,A (2760) Moscow 2013}) 13... d4 14. Bxf8 Qxf8 15. Nb5 Ne3 16. Rc1 Bh6 17. Qxd4 {LiveBook: 4 Games. The position is equal.} Nf5 18. Qxf6 Be6 $1 {[#]} 19. Nc7 $146 {[#] Black must now prevent Rd1.} ({Predecessor:} 19. Rd1 Bg7 20. Qg5 Bh6 21. Qf6 Bg7 22. Qg5 Bh6 23. Qf6 Bg7 24. Qg5 {½-½ (24) Filippov,A (2613)-Vakhidov,J (2348) Tashkent 2011}) 19... Bxa2+ 20. Kxa2 {Threatens to win with Qe5.} Bg7 $1 {[%cal Rg7f6]} 21. Qg5 Bxb2 $1 22. Kxb2 Qb4+ 23. Ka2 {[#] Hoping for Nb5.} Qa4+ 24. Kb2 Qb4+ 25. Ka2 {Nb5 is the strong threat.} Qa4+ 26. Kb2 Qb4+ 27. Ka2 {aiming for Nb5.} Qa4+ 28. Kb2 Qb4+ 29. Ka2 {Strongly threatening Nb5.} Qa4+ 30. Kb2 1/2-1/2

[Event "83rd ESP-ch Women-ch 2018"]
[Site "Linares"]
[Date "2018.08.25"]
[Round "6"]
[White "Gil Quilez, Sonia"]
[Black "Tudela Corbalan, Carlos"]
[Result "0-1"]
[WhiteElo "2066"]
[BlackElo "2246"]
[Annotator "TA"]
[PlyCount "92"]
[EventDate "2018.08.20"]
[EventType "swiss"]
[EventCountry "ESP"]
[SourceTitle "playchess.com"]
[Source "ChessBase"]
[SourceQuality "1"]

{[%evp 15,92,21,18,7,35,-7,1,-2,0,-26,-23,-17,-17,-56,-35,-71,-62,-77,-47,-33,-34,-148,-135,-139,-121,-144,-138,-120,-143,-179,-165,-188,-93,-262,-263,-331,-256,-415,-414,-863,-923,-790,-658,-638,-558,-548,-551,-868,-722,-893,-867,-890,-866,-837,-833,-1122,-1122,-1062,-1062,-1530,-1508,-1394,-580,-579,-573,-560,-576,-576,-569,-562,-559,-590,-549,-546,-509,-496,-493,-531,-533]} 1. d4 g6 2. Nf3 Bg7 3. c4 d6 4. Nc3 Nd7 5. e4 e5 6. d5 Ne7 7. Be2 O-O 8. O-O f5 {LiveBook: 6 Games} 9. Ne1 {A42: Modern Defence: Averbakh Variation} (9. exf5 gxf5 10. Ng5 Nf6 11. f4 exf4 12. Nh3 Ng6 13. Nxf4 Qe7 14. Nxg6 hxg6 15. Bg5 Qf7 16. Qd2 Bd7 {0-1 (32) Konstantinov,A (2264)-Tosic,M (2387) Novi Sad 2016}) 9... Nf6 10. exf5 Nxf5 $146 ({Predecessor:} 10... gxf5 11. f4 Ng6 12. fxe5 Nxe5 13. Nf3 Nfg4 14. h3 Nxf3+ 15. Rxf3 Ne5 16. Rf1 {0-1 (43) Bindu,S (1949)-Meera,S (2210) Chennai 2009}) 11. Nc2 {The position is equal.} c5 12. dxc6 bxc6 13. Bf3 Bb7 14. Re1 Qc7 15. Ne4 Nxe4 16. Bxe4 Rad8 17. Bg5 Rd7 18. g4 (18. Rc1 $15) 18... d5 19. Bg2 Nh6 ({Much less strong is} 19... dxc4 20. Qe2 $15) 20. Qe2 Nf7 21. Bh4 e4 22. Bg3 Qb6 23. Rab1 Ng5 (23... Ne5 $19 {and Black stays clearly on top.} 24. b3 Rdf7) 24. cxd5 $2 {[#]} (24. b4 $17) 24... cxd5 $19 25. Kh1 Nf3 26. Bxf3 $2 (26. Red1 {was forced.}) 26... Rxf3 27. b4 (27. Kg1 $142 d4 28. Qc4+ Rdf7 29. Bh4) 27... d4 {[#] ...e3 is the strong threat.Black is clearly winning.} 28. Qc4+ Bd5 29. Qc5 Rc3 30. Qxb6 axb6 31. Na1 Ra7 32. Nb3 Rxa2 33. Nc1 Rd2 34. Kg1 e3 35. fxe3 dxe3 36. Ne2 Rcc2 37. Nf4 Bf3 38. Rbc1 Rg2+ (38... Rxc1 $142 39. Rxc1 Bd4) 39. Nxg2 Rxg2+ 40. Kf1 e2+ 41. Rxe2 Rxe2 42. Rc8+ Kf7 43. h3 Re7 44. Bf2 Be2+ 45. Kg2 b5 46. Bc5 Rd7 {Precision: White = 24%, Black = 65%.} 0-1

[Event "83rd ESP-ch Women-ch 2018"]
[Site "Linares"]
[Date "2018.08.25"]
[Round "6"]
[White "Vergara Anton, Diego"]
[Black "Silva Rodriguez, Fernando"]
[Result "1/2-1/2"]
[WhiteElo "2022"]
[BlackElo "2239"]
[Annotator "TA"]
[PlyCount "63"]
[EventDate "2018.08.20"]
[EventType "swiss"]
[EventCountry "ESP"]
[SourceTitle "playchess.com"]
[Source "ChessBase"]
[SourceQuality "1"]

{[%evp 19,63,-20,-20,-18,-14,-16,-21,-25,0,0,6,6,6,0,0,0,54,31,32,4,20,0,0,0,0,0,0,-14,22,24,44,43,51,16,11,-10,0,0,6,0,14,6,6,8,17,9]} 1. d4 d5 2. Nf3 Nf6 3. g3 e6 4. c4 Bb4+ 5. Bd2 Be7 6. Bg2 O-O 7. O-O c6 8. cxd5 {E11: Damenindisch (Bogoljubow-Variante)} (8. Qb3 b6 9. Ne5 Ba6 10. Bc3 Nfd7 11. Nd2 Nxe5 12. dxe5 Nd7 13. a4 Bc5 14. Qc2 d4 15. b4 dxc3 16. Qxc3 Bxb4 17. Qxb4 Nxe5 {½-½ (41) Fedoseev,V (2706)-Gelfand,B (2695) Poikovsky 2018}) 8... exd5 9. Nc3 Bf5 10. Nh4 Be6 {LiveBook: 3 Partien} 11. Qc2 Re8 12. Rfe1 Nbd7 13. Nf3 {[#]} Bd6 $146 ({Vorgänger:} 13... Rc8 14. Bf4 g6 {½-½ (34) McCormick,J (2206)-Browne,W (2508) Reno 2004}) 14. Ng5 Bg4 15. e4 h6 16. e5 {zielt auf Sf3 ab.} hxg5 17. exd6 Nb6 (17... Rxe1+ $11 18. Rxe1 Ne8) 18. Bxg5 Qxd6 19. h3 Bh5 {[%cal Bg4h5,Bh5g6,Bg6e4][%mdl 32]} 20. Qf5 {[#] Und weiter mit Lxf6 wäre nett.} Bg6 21. Qf4 Qxf4 22. Bxf4 Ne4 23. Nxe4 Bxe4 24. f3 Bg6 25. b3 Nd7 26. Bd6 Nf8 {Die Stellung ist ausgeglichen.} 27. Ba3 Ne6 28. Bb2 Nc7 29. Kf2 f6 30. Rxe8+ Rxe8 31. Bf1 Kf7 32. h4 {Precision: Weiß = 63%, Schwarz = 42%.} 1/2-1/2

[Event "83rd ESP-ch Women-ch 2018"]
[Site "Linares"]
[Date "2018.08.25"]
[Round "6"]
[White "Perez Beltran, Salvador"]
[Black "Carretero Ortiz, Francisco"]
[Result "1/2-1/2"]
[WhiteElo "2018"]
[BlackElo "2241"]
[Annotator "TA"]
[PlyCount "97"]
[EventDate "2018.08.20"]
[EventType "swiss"]
[EventCountry "ESP"]
[SourceTitle "playchess.com"]
[Source "ChessBase"]
[SourceQuality "1"]

{[%evp 14,97,39,32,55,25,95,0,0,0,1,0,4,-9,78,80,69,64,68,73,62,56,159,168,145,158,152,148,146,148,229,85,75,81,87,83,113,104,112,89,152,150,239,242,231,235,321,330,322,304,612,253,251,243,191,0,162,0,193,0,156,161,153,149,595,593,520,410,380,368,329,0,8,8,29,8,8,8,8,8,8,0,8,0,8,0]} 1. e4 d5 2. exd5 Nf6 3. Be2 Nxd5 4. d4 Bf5 5. Nf3 e6 6. O-O Nc6 {B01: Scandinavian Defence} 7. a3 Be7 8. c4 {LiveBook: 13 Games} Nf6 {White is slightly better.} (8... Nb6 9. Nc3 O-O 10. Be3 Bf6 11. h3 Qd7 12. b4 Rad8 13. Qb3 Nxd4 14. Bxd4 Bxd4 15. Rad1 e5 16. Nb5 Qe7 17. c5 Nd5 18. Nbxd4 exd4 19. Nxd4 {1-0 (41) Dvoirys,S (2552)-Tilicheev,V (2497) Pardubice 2017}) 9. Nc3 Ne4 $146 (9... O-O $11 {remains equal.}) ({Predecessor:} 9... O-O 10. d5 exd5 11. cxd5 Nb8 12. Bf4 Bd6 13. Qd4 a6 14. Rac1 Re8 15. Rfe1 Ne4 16. Bxd6 Nxd6 17. Bd3 Rxe1+ 18. Rxe1 Bxd3 19. Qxd3 {1-0 (39) Pourkashiyan,A (2304)-Barve,S (2034) Abu Dhabi 2009}) 10. Qb3 (10. d5 $1 $16 {[%cal Rd5c6]} Nxc3 11. bxc3) 10... Nxd4 $11 11. Nxd4 Qxd4 12. Qxb7 O-O 13. Be3 {[#]} Qe5 (13... Nxc3 $1 $11 {[%mdl 512]} 14. bxc3 Qe5) 14. f4 $16 Nc5 15. fxe5 Nxb7 16. Bf3 $36 {[%mdl 2048] White is on the roll.} Rab8 17. Nb5 Bd3 (17... Bc5 $14 18. Nd4 Rfd8) 18. Rfd1 Bxc4 19. Nxa7 Bc5 20. Bxc5 Nxc5 21. Rac1 Bb3 (21... Nd3 $16) 22. Rxc5 (22. Rd4 $18 {and White stays clearly on top.} Na4 23. Rxc7) 22... Bxd1 23. Bxd1 {aiming for b4.} Rxb2 {Strongly threatening ...Rb1.} 24. Bf3 Rfb8 25. Rxc7 Ra2 {( -> ...Rb1+)} 26. Nb5 $1 f6 (26... h5 $142 27. Rc5 h4) 27. Rc5 f5 (27... Rb6 $16 {keeps fighting.} 28. h3 fxe5 29. Rxe5 Kf7) 28. h4 $18 g6 29. Kh2 h6 30. Nd4 Rxa3 31. Nxe6 Rb4 $2 (31... Ra4 32. Kg3 Ra6) 32. Kh3 (32. Rc8+ $142 Kf7 33. Bd5) 32... Kf7 33. Nd8+ Ke8 34. Ne6 Kf7 $1 {[%cal Rf7e6]} 35. Nd8+ Ke8 $1 {[%cal Re8d8]} 36. Ne6 Kf7 $1 {[%cal Rf7e6] [#]} 37. Nc7 $1 {Threatens to win with Rc6.} g5 {[#] ...g4+ is the strong threat.} 38. e6+ $1 Kg7 $2 {[%mdl 8192]} (38... Ke7 $16) 39. hxg5 hxg5 40. Rxf5 g4+ 41. Kg3 (41. Kh2 gxf3 42. e7 Rh4+ 43. Kg1 Ra1+ 44. Kf2 fxg2) 41... gxf3 42. gxf3 $2 {[%mdl 4096] Endgame KRR-KRN} ({Don't play} 42. Rxf3 Raa4 $18) (42. Rf7+ $18 Kg6 43. Rxf3) 42... Re3 43. Nd5 $1 {[%csl LRb4,LRe3]} Rbb3 44. e7 Re1 {The position is equal.} 45. Kf4 Rd3 46. Rg5+ Kf7 {White must now prevent ...Rd4+.} 47. Rf5+ Kg7 48. Rg5+ Kf7 {And now ...Rd4+ would win.} 49. Rf5+ {Precision: White = 53%, Black = 43%.} 1/2-1/2

[Event "83rd ESP-ch Women-ch 2018"]
[Site "Linares"]
[Date "2018.08.25"]
[Round "6"]
[White "Samuel Lares, Jairo"]
[Black "Alvarez Serrano, Carlos"]
[Result "0-1"]
[WhiteElo "2006"]
[BlackElo "2225"]
[Annotator "TA"]
[PlyCount "78"]
[EventDate "2018.08.20"]
[EventType "swiss"]
[EventCountry "ESP"]
[SourceTitle "playchess.com"]
[Source "ChessBase"]
[SourceQuality "1"]

{[%evp 12,78,0,-28,0,-41,-13,-20,-21,-52,-52,-55,-60,-63,12,13,14,20,20,20,27,20,22,12,27,10,18,13,12,15,77,36,70,21,29,16,29,29,37,12,43,15,14,0,26,0,8,0,18,18,75,68,85,6,3,8,56,66,64,0,0,-29986,-29987,-29988,-29989,-29997,-29992,-29998,-29999]} 1. d4 d5 2. Nc3 Nf6 3. Bf4 a6 4. e3 e6 5. Bd3 (5. Qf3 c5 6. O-O-O Nc6 7. Nge2 cxd4 8. Nxd4 Bb4 9. Nxc6 bxc6 10. Be5 Bd6 11. Bxd6 Qxd6 {½-½ (30) Jobava,B (2690)-Berkes,F (2662) Villorba 2018}) 5... c5 6. dxc5 {D00: 1 d4 d5: Unusual lines} Bxc5 7. Nf3 {LiveBook: 24 Games} Bd6 (7... Nbd7 {seems wilder.} 8. O-O b5 9. Ne2 O-O 10. Ned4 Re8) 8. Bg3 $146 {The position is equal.} ({Predecessor:} 8. O-O Nc6 9. Bxd6 Qxd6 10. e4 d4 11. Ne2 e5 {1-0 (45) Sheng,J (2375)-Gara,A (2381) Budapest 2017}) 8... Bxg3 9. hxg3 Nc6 10. e4 d4 11. Ne2 e5 12. c3 Bg4 ({Black should try} 12... dxc3 $15 13. Nxc3 Bg4) 13. cxd4 $1 $11 Bxf3 14. gxf3 Nxd4 15. Nxd4 Qxd4 16. Qb3 O-O 17. Rd1 Qa7 18. Bc4 b5 19. Bd5 Rad8 20. O-O Nd7 (20... g6 $11) 21. a3 Nc5 {[%cal Bd7c5,Bc5a4,Ba4b6,Bb6c4][%mdl 32]} 22. Qa2 Qe7 23. b4 Na4 24. Rc1 Rc8 25. Qd2 Nb6 26. Rxc8 Rxc8 27. Rc1 Rc7 28. Qe3 Kf8 29. Kg2 Qd6 30. Rd1 Nc4 {[#]} (30... h6 $11 {keeps the balance.}) 31. Qb3 $1 $16 Qf6 32. Qa2 ({White should play} 32. a4 $16) 32... h5 $11 33. a4 {Black must now prevent axb5.} g6 34. axb5 axb5 35. Qa8+ (35. Bxc4 $1 $14 Rxc4 36. Qa5) 35... Kg7 {Strongly threatening ...Ne3+.} 36. Qb8 $2 {[%mdl 8192] [#]} (36. Rd3 $11) 36... Ne3+ $1 {[%mdl 512] Black mates.} 37. Kh3 (37. fxe3 Rc2+) 37... Qxf3 38. Qxc7 Qg2+ 39. Kh4 Kh6 {Precision: White = 31%, Black = 34%.} 0-1

[Event "83rd ESP-ch Women-ch 2018"]
[Site "Linares"]
[Date "2018.08.26"]
[Round "7"]
[White "Perez Candelario, Manuel"]
[Black "Alvarez Fernandez, Enrique"]
[Result "1/2-1/2"]
[WhiteElo "2611"]
[BlackElo "2324"]
[Annotator "TA"]
[PlyCount "131"]
[EventDate "2018.08.09"]
[EventType "tourn"]
[EventCountry "ESP"]
[SourceTitle "playchess.com"]
[Source "ChessBase"]
[SourceQuality "1"]

{[%evp 20,131,39,31,42,25,31,24,18,22,19,35,22,21,26,2,0,2,32,-10,0,-26,0,-1,0,-19,0,0,16,0,3,-22,-26,-24,0,-72,-72,-62,-25,-39,40,0,0,0,0,0,57,0,59,40,45,45,60,60,59,45,41,33,33,33,40,26,45,45,45,45,45,45,77,77,77,77,77,77,77,0,77,77,77,45,77,67,67,67,109,70,77,77,77,77,109,77,77,77,218,218,218,218,218,187,187,187,187,187,187,187,187,187,187,0,187,0,187,0]} 1. e4 e5 2. Nf3 Nf6 3. Nxe5 d6 4. Nf3 Nxe4 5. c4 Nc6 6. d3 Nf6 7. d4 d5 8. c5 {C01: French: Exchange Variation} Be7 (8... Bg4 9. Bb5 Be7 10. Bxc6+ bxc6 11. Qa4 Bd7 12. Ne5 O-O 13. O-O Ng4 14. Nxg4 Bxg4 15. Qxc6 Bf6 {½-½ (50) Muzychuk,A (2558)-Ju,W (2579) Doha 2016}) 9. Bb5 Bd7 10. O-O O-O 11. Nc3 {LiveBook: 3 Games} a6 12. Bxc6 $146 ({Predecessor:} 12. Ba4 b5 13. cxb6 cxb6 14. Ne5 Rc8 15. Re1 b5 {1-0 (62) Zawadzka,J (2449)-Antova,G (2335) Riga 2017}) 12... Bxc6 13. Ne5 Ne4 {[%cal Bf6e4,Be4g5,Bg5e6][%mdl 32]} 14. Re1 Bf6 15. Nxc6 bxc6 16. Qd3 Ng5 17. Be3 Ne6 18. Ne2 Re8 19. b3 g6 20. g3 Qb8 21. Rad1 Qb5 22. Kg2 Qxd3 23. Rxd3 Bg7 24. Kf1 f5 {[%cal Bf7f5,Bf5f4][%mdl 32]} 25. f3 g5 26. g4 f4 27. Bf2 (27. Bd2 $11 {keeps the balance.}) 27... Kf7 $17 28. Nc1 Ke7 29. h4 h6 (29... gxh4 $15 30. Bxh4+ Kf7) 30. h5 $14 Kd7 31. Re2 Bf6 32. Ke1 Ng7 ({Black should try} 32... a5 $11) 33. Rdd2 (33. Rxe8 $1 $14 Rxe8+ 34. Ne2) 33... Rxe2+ ({Black should play} 33... Ne6 $11) 34. Kxe2 Re8+ 35. Kd3 Kc8 36. Ne2 Ne6 37. Nc3 Kd7 38. b4 Rb8 39. a3 Be7 40. Re2 Ng7 41. Na2 Ne8 42. Nc1 Nf6 43. Kc3 {And now Nd3 would win.} Ng8 44. Kb3 Bf6 45. Nd3 Ne7 46. Re1 Bg7 47. Re2 Bf6 $1 48. Ne1 Bg7 49. Nc2 Bf6 50. Be1 Bg7 51. Bc3 Bf6 52. Na1 Rb7 53. Kc2 Rb8 54. Nb3 Rb7 55. Na5 Rb5 56. Kd3 Rxa5 (56... Rb8 $16) 57. bxa5 $16 {[%mdl 4096] Endgame KRB-KBN} Ng8 58. Re1 Ne7 59. a4 Ng8 60. Bb2 Ne7 61. Ba3 Ng8 62. Kc3 Ne7 63. Rb1 {[#] aiming for Rb8.} Kc8 64. Re1 Kd7 65. Rb1 {Hoping for Rb8.} Kc8 $1 66. Re1 $2 {Precision: White = 42%, Black = 44%.} (66. Rf1 $18) 1/2-1/2

[Event "83rd ESP-ch Women-ch 2018"]
[Site "Linares"]
[Date "2018.08.26"]
[Round "7"]
[White "Santos Latasa, Jaime"]
[Black "Asis Gargatagli, Hipolito"]
[Result "1/2-1/2"]
[WhiteElo "2582"]
[BlackElo "2515"]
[Annotator "TA"]
[PlyCount "66"]
[EventDate "2018.08.09"]
[EventType "tourn"]
[EventCountry "ESP"]
[SourceTitle "playchess.com"]
[Source "ChessBase"]
[SourceQuality "1"]

{[%evp 21,66,20,16,11,19,8,18,11,46,38,21,41,39,16,10,0,0,0,0,-5,-2,-3,-13,-75,-68,-75,-15,-10,-10,-17,-17,-18,-18,-10,-12,-23,-17,-33,0,0,0,0,0,0,0,0,0]} 1. c4 g6 2. d4 Nf6 3. g3 Bg7 4. Bg2 O-O 5. Nc3 d6 6. Nf3 c5 7. O-O Nc6 8. d5 Na5 9. Nd2 e6 10. Qc2 exd5 11. cxd5 Re8 {LiveBook: 3 Games} 12. e4 {E66: King's Indian: Fianchetto: 6...c5 7 0-0 Nc6 8 d5} Bd7 13. b3 {[%cal Bb2b3,Bb3b4][%mdl 32]} b5 14. Bb2 Rc8 $146 ({Predecessor:} 14... Rb8 15. Nd1 Rc8 16. Ne3 c4 17. bxc4 Nxc4 18. Ndxc4 bxc4 19. Bc3 Qe7 {½-½ (58) Guliev,S (2470)-Beshukov,S (2500) Orel 1992}) 15. Nd1 c4 {[#] Threatens to win with ...c3!} 16. b4 c3 17. Nxc3 Nc4 18. Nxc4 Rxc4 19. Qb3 a5 20. bxa5 Qxa5 21. Rac1 Rec8 22. Nb1 (22. Ne2 $11) 22... Nxe4 $17 23. Bxe4 {[#] Hoping for Rxc4.} Rxe4 (23... Bxb2 $17 24. Qxb2 Rxe4) 24. Rxc8+ $11 Bxc8 25. Bxg7 Kxg7 26. Qc3+ Qxc3 27. Nxc3 {[%mdl 4096] Endgame KRB-KRN} Rb4 28. a3 Rb3 29. Ne4 $1 Rd3 30. Nxd6 {The position is equal.} Bd7 31. Re1 Rxd5 32. Ne8+ Bxe8 33. Rxe8 Rd3 {Precision: White = 63%, Black = 33%.} 1/2-1/2